000 00423nam a2200181Ia 4500
001 17744
005 20260306171539.0
008 260306s9999||||xx |||||||||||||| ||und||
041 _aESP
082 _a658.15
_bV21
100 _aValera Moreno, Rafael
_eAUT
245 0 _aFinanzas operativas
260 _c2017
300 _aix, 211 páginas :
_c22 cm.
650 _aGEN
654 _aCAN
942 _cLIB
_dJUS
_fJUS
_2ddc
_n
999 _c17744
_d17744